000 00495nam a22001817a 4500
999 _c525499
_d525499
003 NUST
020 _a-
038 _aZafar Malik
082 _a954.7
_bMAL
100 _aMalik, Abdullah
_916401
245 _aPunjab Ki Siyasi Tehreeken \
_cAbdullah Malik
260 _aLahore :
_bTakhleeqat Publishers ;
_c2003.
300 _a336 p. ;
500 _aHardcover
880 _6100-02\r
_aعبداللہ ملک
880 _6245-02\r
_aپنجاب کی سیاسی تحریکیں
942 _2ddc
_cBK